Vettel's Formula One Champions Quiz - Statistics

General Stats
  • This quiz has been taken 400 times
    8 since last reset
  • The average score is 62 of 76
Answer Stats
Year Champion % Correct
2009 Jenson Button
100%
2025 Lando Norris
100%
2020 Lewis Hamilton
100%
2019 Lewis Hamilton
100%
2018 Lewis Hamilton
100%
2017 Lewis Hamilton
100%
2015 Lewis Hamilton
100%
2014 Lewis Hamilton
100%
2008 Lewis Hamilton
100%
2024 Max Verstappen
100%
2023 Max Verstappen
100%
2022 Max Verstappen
100%
2021 Max Verstappen
100%
2016 Nico Rosberg
100%
1993 Alain Prost
88%
1989 Alain Prost
88%
1991 Ayrton Senna
88%
1990 Ayrton Senna
88%
1988 Ayrton Senna
88%
1996 Damon Hill
88%
2006 Fernando Alonso
88%
2005 Fernando Alonso
88%
1997 Jacques Villeneuve
88%
1976 James Hunt
88%
1982 Keke Rosberg
88%
2007 Kimi Räikkönen
88%
1978 Mario Andretti
88%
2004 Michael Schumacher
88%
2003 Michael Schumacher
88%
2002 Michael Schumacher
88%
2001 Michael Schumacher
88%
2000 Michael Schumacher
88%
1995 Michael Schumacher
88%
1994 Michael Schumacher
88%
1999 Mika Häkkinen
88%
1998 Mika Häkkinen
88%
1992 Nigel Mansell
88%
1984 Niki Lauda
88%
1977 Niki Lauda
88%
1975 Niki Lauda
88%
2013 Sebastian Vettel
88%
2012 Sebastian Vettel
88%
2011 Sebastian Vettel
88%
2010 Sebastian Vettel
88%
1986 Alain Prost
75%
1985 Alain Prost
75%
1980 Alan Jones
75%
1970 Jochen Rindt
75%
1974 Emerson Fittipaldi
75%
1972 Emerson Fittipaldi
75%
1973 Jackie Stewart
75%
1971 Jackie Stewart
75%
1969 Jackie Stewart
75%
1979 Jody Scheckter
75%
1987 Nelson Piquet
75%
1983 Nelson Piquet
75%
1981 Nelson Piquet
75%
1953 Alberto Ascari
63%
1952 Alberto Ascari
63%
1967 Denny Hulme
63%
1950 Giuseppe Farina
63%
1968 Graham Hill
63%
1962 Graham Hill
63%
1966 Jack Brabham
63%
1960 Jack Brabham
63%
1959 Jack Brabham
63%
1965 Jim Clark
63%
1963 Jim Clark
63%
1964 John Surtees
63%
1957 Juan Manuel Fangio
63%
1956 Juan Manuel Fangio
63%
1955 Juan Manuel Fangio
63%
1954 Juan Manuel Fangio
63%
1951 Juan Manuel Fangio
63%
1958 Mike Hawthorn
63%
1961 Phil Hill
63%
No matching quizzes found
Score Distribution
Percent of People with Each Score
Percentile by Number Answered
Your Score History
You have not taken this quiz since the last reset